[Event "Stay Safe Play From Home 244"]
[Site "Emanuel Lasker Arena"]
[Date "2020.06.22"]
[Round "8"]
[White "Trotsky"]
[Black "Germanicus G"]
[Result "1-0"]
[WhiteElo "1538"]
[BlackElo "1307"]
[Annotator "NA RC"]
[PlyCount "79"]
[EventDate "2020.06.22"]
[EventType "swiss (blitz)"]

1. d4 {[%emt 0:00:01]} e6 {[%emt 0:00:01]} 2. e3 {[%emt 0:00:01]} b6 {[%emt 0:00:01]} 3. c4 {[%emt 0:00:01]} Bb7 {[%emt 0:00:00]} 4. Nc3 {[%emt 0:00:01]} Nf6 {[%emt 0:00:01]} 5. Qc2 {[%emt 0:00:01]} Bb4 {[%emt 0:00:01]} 6. f3 {[%emt 0:00:01]} Bxc3+ {[%emt 0:00:00]} 7. bxc3 {[%emt 0:00:01]} O-O {[%emt 0:00:00]} 8. Bd3 {[%emt 0:00:01]} Nh5 {[%emt 0:00:01]} 9. h4 {[%emt 0:00:01]} g6 {[%emt 0:00:02]} 10. Nh3 {[%emt 0:00:01]} f5 {[%emt 0:00:02]} 11. Bd2 {[%emt 0:00:01]} Ng3 {[%emt 0:00:02]} 12. Rh2 {[%emt 0:00:02]} d6 {[%emt 0:00:02]} 13. O-O-O {[%emt 0:00:01]} Qxh4 {[%emt 0:00:02]} 14. e4 {[%emt 0:00:07]} Qe7 {[%emt 0:00:05]} 15. Bg5 {[%emt 0:00:02]} Qf7 {[%emt 0:00:02]} 16. Bf4 {[%emt 0:00:04]} Nh5 {[%emt 0:00:01]} 17. Ng5 {[%emt 0:00:01]} Qe7 {[%emt 0:00:03]} 18. g4 {[%emt 0:00:03]} Nxf4 {[%emt 0:00:01]} 19. Rxh7 {[%emt 0:00:01]} Nxd3+ {[%emt 0:00:01]} 20. Qxd3 {[%emt 0:00:02]} Qxh7 {[%emt 0:00:01]} 21. Nxh7 {[%emt 0:00:01]} Kxh7 {[%emt 0:00:01]} 22. Rh1+ {[%emt 0:00:01]} Kg7 {[%emt 0:00:01]} 23. gxf5 {[%emt 0:00:01]} exf5 {[%emt 0:00:02]} 24. d5 {[%emt 0:00:01]} Nd7 {[%emt 0:00:02]} 25. Qd4+ {[%emt 0:00:01]} Nf6 {[%emt 0:00:01]} 26. e5 {[%emt 0:00:01]} dxe5 {[%emt 0:00:01]} 27. Qxe5 {[%emt 0:00:01]} Rae8 {[%emt 0:00:02]} 28. Qg3 {[%emt 0:00:02]} Rh8 {[%emt 0:00:02]} 29. Rg1 {[%emt 0:00:01]} Rh6 {[%emt 0:00:02]} 30. Qxc7+ {[%emt 0:00:02]} Kg8 {[%emt 0:00:05]} 31. Qxb7 {[%emt 0:00:01]} Rf8 {[%emt 0:00:01]} 32. d6 {[%emt 0:00:01]} Rf7 {[%emt 0:00:01]} 33. Qc8+ {[%emt 0:00:02]} Kg7 {[%emt 0:00:01]} 34. Re1 {[%emt 0:00:01]} Nd7 {[%emt 0:00:01]} 35. Re8 {[%emt 0:00:01]} Rh7 {[%emt 0:00:01]} 36. Rg8+ {[%emt 0:00:01]} Kf6 {[%emt 0:00:01]} 37. Qe8 {[%emt 0:00:02]} Rhg7 {[%emt 0:00:03]} 38. Qe3 {[%emt 0:00:01]} Ne5 {[%emt 0:00:02]} 39. Rxg7 {[%emt 0:00:02]} Rxg7 {[%emt 0:00:02]} 40. Qd4 {[%emt 0:00:01] Zeit (Lag: Av=0.31s, max=4.8s)} 1-0

[Event "Stay Safe Play From Home 244"]
[Site "Emanuel Lasker Arena"]
[Date "2020.06.22"]
[Round "8"]
[White "Klasman"]
[Black "grazie"]
[Result "0-1"]
[WhiteElo "1235"]
[BlackElo "1760"]
[Annotator "NA RC"]
[PlyCount "52"]
[EventDate "2020.06.22"]
[EventType "swiss (blitz)"]

1. f4 {[%emt 0:00:01]} e6 {[%emt 0:00:00]} 2. e4 {[%emt 0:00:01]} d5 {[%emt 0:00:00]} 3. e5 {[%emt 0:00:01]} c5 {[%emt 0:00:01]} 4. Nf3 {[%emt 0:00:01]} a6 {[%emt 0:00:00]} 5. b4 {[%emt 0:00:01]} cxb4 {[%emt 0:00:01]} 6. d4 {[%emt 0:00:01]} Nd7 {[%emt 0:00:01]} 7. Bd3 {[%emt 0:00:02]} b5 {[%emt 0:00:01]} 8. O-O {[%emt 0:00:01]} Bb7 {[%emt 0:00:01]} 9. Bd2 {[%emt 0:00:01]} Qb6 {[%emt 0:00:01]} 10. Qe1 {[%emt 0:00:03]} a5 {[%emt 0:00:01]} 11. a3 {[%emt 0:00:02]} bxa3 {[%emt 0:00:02]} 12. Nxa3 {[%emt 0:00:03]} Bxa3 {[%emt 0:00:01]} 13. Rxa3 {[%emt 0:00:02]} b4 {[%emt 0:00:01]} 14. Bxb4 {[%emt 0:00:05]} axb4 {[%emt 0:00:01]} 15. Rxa8+ {[%emt 0:00:02]} Bxa8 {[%emt 0:00:01]} 16. Ng5 {[%emt 0:00:02]} h6 {[%emt 0:00:01]} 17. Qh4 {[%emt 0:00:02]} Qxd4+ {[%emt 0:00:02]} 18. Kh1 {[%emt 0:00:03]} Nxe5 {[%emt 0:00:01]} 19. fxe5 {[%emt 0:00:02]} Qxh4 {[%emt 0:00:02]} 20. Nxf7 {[%emt 0:00:01]} Ne7 {[%emt 0:00:10]} 21. Nxh8 {[%emt 0:00:02]} Qg5 {[%emt 0:00:01]} 22. Nf7 {[%emt 0:00:04]} Qd2 {[%emt 0:00:04]} 23. Nd6+ {[%emt 0:00:02]} Kd7 {[%emt 0:00:01]} 24. Rf8 {[%emt 0:00:05]} Bc6 {[%emt 0:00:03]} 25. Nf7 {[%emt 0:00:07]} Qe1+ {[%emt 0:00:02]} 26. Bf1 {[%emt 0:00:02]} Qxf1# {[%emt 0:00:01] (Lag: Av=0.56s, max=5.4s)} 0-1

[Event "Stay Safe Play From Home 244"]
[Site "Emanuel Lasker Arena"]
[Date "2020.06.22"]
[Round "9"]
[White "Dj amir"]
[Black "Haxhi Baha"]
[Result "1-0"]
[WhiteElo "2437"]
[BlackElo "1977"]
[Annotator "TA"]
[PlyCount "83"]
[EventDate "2020.06.22"]
[EventType "swiss (blitz)"]

{[%evp 9,83,0,0,0,0,0,0,-17,0,-50,-55,-50,-52,-60,-69,-75,-67,-66,-44,-47,-31,-21,44,60,66,85,93,90,85,77,65,74,109,108,437,418,688,413,826,824,1146,320,309,185,206,-56,-45,-1567,1834,1796,1904,1841,2080,2075,2591,2506,2447,2308,2263,2281,2609,2542,29968,7605,29992,29988,29990,29989,29993,29994,29997,29997,29997,29993,29998,29999]} 1. d4 d5 2. Nf3 e6 3. Bf4 Bd6 4. Bg3 Qe7 5. e3 Bxg3 6. hxg3 {D02: 1 d4 d5 2 Nf3 sidelines, including 2...Nf6 3 g3 and 2...Nf6 3 Bf4.} Qb4+ 7. Nbd2 Qxb2 8. Bd3 {The position is equal.} Nc6 {[#]} 9. a3 $146 (9. Rb1 $5 {[%cal Rb1b2]} Qxa2 10. Qc1 $11) ({Predecessor:} 9. Rxh7 Rxh7 10. Bxh7 Nf6 11. Bd3 Bd7 12. Qc1 Qxc1+ 13. Rxc1 Nb4 14. a3 Nxd3+ {½-½ (14) Nickl,K (2141)-Grabov,S (2214) Dresden 2008}) 9... Qc3 10. Kf1 Nf6 11. Ra2 h6 12. Nb1 Qa5 13. Rb2 a6 14. Rh4 b5 15. g4 Ke7 ({Black should play} 15... Ne7 $11) 16. g5 $14 Ne4 17. gxh6 Rxh6 18. Rxh6 gxh6 19. Bxe4 $1 dxe4 20. Nfd2 $1 {[%cal Rd2e4]} f5 21. Qh5 Kd6 $2 {[%mdl 8192] [#]} (21... Nd8 $16 {is more resistant.}) 22. Qxh6 Bd7 (22... Ne7 $142 23. Qh8 c5) 23. c4 Ne7 (23... Qa4 $142 24. c5+ Ke7 25. Qh4+ Kf8) 24. Qg7 Nc8 {[%cal Be7c8,Bc8d6,Bd6f7][%mdl 32]} 25. Qe5+ $2 (25. c5+ Kc6 26. Rb4 Qxb4 27. axb4) 25... Ke7 $18 {If only Black now had time for ...Nd6....} 26. d5 (26. c5 $142) 26... Nd6 27. c5 $2 (27. Qg7+ $18 Nf7 28. g4 bxc4 29. g5 (29. Nxc4 $2 Qxd5 30. Ncd2 Bb5+ 31. Kg1 Qe5 $19) 29... Qxd5 30. Qf6+ Kf8 31. g6 {[%mdl 64] Pin}) 27... Nf7 $15 28. Qxc7 $2 {[%mdl 8192]} (28. Qd4 $15) 28... exd5 $4 {[%mdl 8192]} (28... Qxc7 $19 29. d6+ {[#]} Nxd6 $1 {[%mdl 512]} 30. cxd6+ Qxd6) 29. Qxa5 $18 d4 30. exd4 Rc8 31. Nc3 f4 32. Ndxe4 Bf5 33. d5 Kf8 34. d6 Re8 35. Qb4 Kg7 36. Qd4+ Kg6 37. c6 {White mates.} Re6 38. d7 Ne5 39. d8=Q f3 40. Qg5+ Kf7 41. gxf3 Nxf3 42. Qgg7+ {Accuracy: White = 53%, Black = 47%.} 1-0

[Event "Stay Safe Play From Home 244"]
[Site "Emanuel Lasker Arena"]
[Date "2020.06.22"]
[Round "9"]
[White "Mepe_Nika"]
[Black "Klasman"]
[Result "1-0"]
[WhiteElo "2308"]
[BlackElo "1233"]
[Annotator "TA"]
[PlyCount "27"]
[EventDate "2020.06.22"]
[EventType "swiss (blitz)"]

{[%evp 9,27,-68,-6,-21,-8,-14,0,-75,-63,-79,-76,-442,-468,-450,54,57,127,108,1154,1104]} 1. b3 f5 2. Bb2 Nc6 3. c4 e5 4. e3 Nf6 5. d4 Bb4+ (5... exd4 $15 6. exd4 Bb4+ 7. Nd2 Ne4) 6. Bc3 $11 {A01: Nimzowitsch-Larsen Opening.} exd4 7. Bxb4 {[#]} dxe3 $146 ({Predecessor:} 7... Nxb4 8. exd4 Qe7+ 9. Be2 Qe4 10. Kf1 Qc2 11. a3 Qb2 12. Nd2 Nc6 13. d5 Ne5 {½-½ (25) Quinteros,M (2433)-Blit,J (2317) Berazategui 2008}) 8. Ba3 (8. Bc3 $11) 8... exf2+ $17 9. Kxf2 Ne4+ 10. Ke3 $2 {[%mdl 8192]} (10. Ke1 $17 {was the crucial defense.}) 10... Qg5+ $19 11. Ke2 {[#]} Ne5 $2 (11... Qf6 $1 $19 12. Ke1 Qxa1) 12. Nf3 $14 Qf4 (12... Qh5 $14) 13. Bc1 Qxf3+ $4 {[%mdl 8192]} (13... Qg4 $16) 14. gxf3 {Accuracy: White = 36%, Black = 40%.} 1-0

[Event "Stay Safe Play From Home 244"]
[Site "Emanuel Lasker Arena"]
[Date "2020.06.22"]
[Round "9"]
[White "Tolka"]
[Black "Bardellosport"]
[Result "1-0"]
[WhiteElo "2280"]
[BlackElo "2078"]
[Annotator "TA"]
[PlyCount "83"]
[EventDate "2020.06.22"]
[EventType "swiss (blitz)"]

{[%evp 9,83,43,62,29,23,26,27,36,31,39,34,25,48,20,35,0,0,0,13,-15,25,6,16,-26,28,-11,0,-6,-8,-9,74,9,34,15,83,47,43,17,19,0,11,-27,29,30,34,17,37,17,18,18,20,0,0,0,39,24,36,31,261,202,1353,1308,1201,1111,1364,8,29973,29975,29979,29980,29981,29982,29984,29983,29983,29984]} 1. e4 Nc6 2. Nf3 d6 3. d4 Nf6 4. Nc3 g6 5. d5 Ne5 6. Be2 {B00: Queen's Fianchetto Defence, Nimzowitsch Defence.} (6. Nxe5 {with more complications.} dxe5 7. Bc4 Bg7 8. f3 O-O 9. Be3) 6... Nxf3+ 7. Bxf3 Bg7 {[#]} 8. O-O $146 {White has an edge.} ({Predecessor:} 8. Be3 O-O 9. Qd2 Ng4 10. h3 Nxe3 11. Qxe3 c5 12. Be2 Bd7 13. O-O Rb8 14. a3 b5 15. Nd1 Qa5 16. c3 Rbc8 17. f4 b4 18. c4 Bd4 {0-1 (18) Ahlers,H (1368)-Alvarenga,J (1487) IECC email 2001}) 8... Nd7 9. Bg5 O-O 10. Qd2 f6 11. Bh6 Ne5 12. Bxg7 Nxf3+ 13. gxf3 Kxg7 14. Kh1 Qd7 15. Rg1 Qh3 16. Qf4 (16. Rg3 {is interesting.} Qh6 17. f4 e5 18. dxe6 Bxe6 19. Nb5) 16... g5 (16... Qh6 $142 17. Qxh6+ Kxh6) 17. Qg3 (17. Rg3 {with more complications.} Qh6 18. Rag1 Kh8 19. Qe3 Bd7 20. Ne2) 17... Qxg3 18. hxg3 h5 19. Kg2 g4 (19... Rh8 $11) 20. f4 (20. Rh1 $16) 20... f5 21. Rge1 e6 (21... Bd7 $11 {remains equal.}) 22. Nb5 Rf7 23. dxe6 Bxe6 24. exf5 Bxf5 25. Nd4 Raf8 (25... Bd7 $142) 26. Nxf5+ Rxf5 $11 {[%mdl 4096] Endgame KRR-KRR} 27. Re7+ R5f7 28. Rae1 Rxe7 29. Rxe7+ Rf7 30. Rxf7+ (30. Re8 {keeps more tension.} a5 31. Ra8 b6 32. Rc8 Re7 33. Kf1) 30... Kxf7 {KP-KP} 31. f3 Kf6 32. fxg4 hxg4 33. Kf2 Kf5 $2 {[#]} (33... Ke6 $14) 34. Ke3 $18 d5 $2 (34... b5 35. a3 Kf6) 35. Kd4 c6 36. b4 b6 {[#]} 37. a4 $2 ({White must play} 37. b5 $1 $18 {[%mdl 512]}) 37... a6 $2 {[%mdl 8192]} (37... Ke6 $11) 38. a5 {White mates.} b5 39. Kc5 Ke4 40. Kxc6 d4 41. Kd6 Kf5 42. Kd5 {Accuracy: White = 65%, Black = 48%.} 1-0

[Event "Stay Safe Play From Home 244"]
[Site "Emanuel Lasker Arena"]
[Date "2020.06.22"]
[Round "9"]
[White "Lamborghini"]
[Black "Trotsky"]
[Result "1-0"]
[WhiteElo "2199"]
[BlackElo "1545"]
[Annotator "TA"]
[PlyCount "61"]
[EventDate "2020.06.22"]
[EventType "swiss (blitz)"]

{[%evp 17,61,134,135,135,587,564,561,564,660,658,713,683,939,685,911,662,646,655,709,615,766,709,794,813,885,884,1014,870,1051,933,1075,1070,1679,1657,4978,1570,2989,2816,5420,2975,2327,2097,2789,2737,2822,2402]} 1. e4 c5 2. Nf3 Nc6 3. Nc3 e6 4. d4 cxd4 5. Nxd4 Nf6 6. Ndb5 d6 7. Bf4 e5 8. Bg5 Be7 9. Bxf6 gxf6 10. Nd5 {Nbc7+ is the strong threat. B33: Sicilian: Pelikan and Sveshnikov Variations.} a6 $2 {[%mdl 8192]} (10... O-O $16 {is a better chance.}) 11. Nbc7+ $18 {[%mdl 64] [#] Double Attack. White is clearly winning.} Kf8 12. Nxa8 {[#]} Kg7 $146 ({Predecessor:} 12... Be6 13. Nac7 {1-0 (12) Pawlick,H (1945)-Graffenberger,W (1626) Binz 2017}) 13. Nab6 Rg8 14. c3 Kh8 15. g3 f5 16. exf5 Bxf5 17. Bg2 Bg5 18. O-O e4 19. Qe2 Be6 20. Bxe4 Rg7 21. f4 Bh6 22. Rad1 Qg8 23. Bg2 Bxd5 24. Nxd5 Rxg3 25. hxg3 Qxg3 26. Qf3 Qg8 27. Rfe1 Bf8 28. Nf6 Qg7 29. Ne8 Qg8 30. Rd5 {[#] Intending Rg5 and mate.} Be7 31. Nxd6 {Black did not feel at home in the position after the opening.} 1-0

[Event "Stay Safe Play From Home 244"]
[Site "Emanuel Lasker Arena"]
[Date "2020.06.22"]
[Round "9"]
[White "Lazieri3"]
[Black "Weltszmerc"]
[Result "1/2-1/2"]
[WhiteElo "2161"]
[BlackElo "2161"]
[Annotator "TA"]
[PlyCount "101"]
[EventDate "2020.06.22"]
[EventType "swiss (blitz)"]

{[%evp 9,101,-11,-1,-7,-4,-9,-14,-8,-5,-29,-8,-24,-8,-25,-20,-31,-2,-2,6,-9,0,0,7,0,0,-12,0,-6,0,0,0,-11,-9,-4,-4,-29,-9,-31,-31,-43,-16,-25,-25,-38,-34,-35,-35,-50,-35,-48,-50,-47,-54,-54,0,0,-2,-9,-8,-2,0,0,8,8,8,0,8,0,0,0,0,0,0,0,0,0,0,0,0,0,0,0,0,0,0,0,0,0,0,0,0,0,0,0]} 1. e4 Nf6 2. Nc3 d5 3. exd5 Nxd5 4. Nxd5 Qxd5 5. Qf3 c6 6. Qxd5 {B02: Alekhine's Defence: Chase Variation and lines with early Nc3.} cxd5 7. d4 Nc6 8. c3 Bf5 9. Bf4 e6 10. Kd2 Rc8 11. Bd3 Bxd3 12. Kxd3 Be7 13. Nf3 O-O 14. Ne5 (14. Rhe1 {keeps more tension.} h6 15. h4 b5 16. a3 Na5 17. h5) 14... Nxe5+ 15. Bxe5 {[#]} Rc4 $146 ({Predecessor:} 15... Rfd8 16. Bf4 Bd6 17. Bxd6 {½-½ (17) Saizew,V (1957)-Cornelius,J (2022) Maastricht 2015}) 16. b3 Rc6 17. Rhc1 Rfc8 18. Rc2 f6 19. Bf4 b5 20. Rac1 Ba3 21. Re1 Kf7 22. h3 a6 {[%cal Ba7a6,Ba6a5,Ba5a4,Ba4a3][%mdl 32]} 23. Bc1 Bd6 24. f4 Ke7 25. g3 Kd7 26. Bb2 a5 27. Rce2 Bf8 28. Rc2 a4 29. Rec1 a3 30. Ba1 Bd6 31. c4 dxc4+ (31... b4 $15) 32. bxc4 $11 {The position is equal.} bxc4+ 33. Rxc4 Rxc4 34. Rxc4 Rxc4 35. Kxc4 $15 {[%mdl 4096] Endgame KB-KB} Kc6 36. Bc3 h5 $1 37. Bd2 g6 38. g4 hxg4 (38... f5 {looks sharper.} 39. g5 Bc7 40. Bc1 Ba5 41. Kd3 Bc7) 39. hxg4 f5 40. gxf5 gxf5 41. Bc1 Bc7 42. Bd2 Bd6 43. Bc1 Bc7 44. Bd2 Bd8 45. Bc1 Ba5 46. Be3 Be1 47. Bc1 Bg3 48. Bd2 Bf2 49. Bc1 Bg3 50. Bd2 Bf2 51. Bc1 {Accuracy: White = 97%, Black = 93%.} 1/2-1/2

[Event "Stay Safe Play From Home 244"]
[Site "Emanuel Lasker Arena"]
[Date "2020.06.22"]
[Round "9"]
[White "SoulofWolf"]
[Black "MartinKestler"]
[Result "1-0"]
[WhiteElo "2161"]
[BlackElo "1921"]
[Annotator "TA"]
[PlyCount "107"]
[EventDate "2020.06.22"]
[EventType "swiss (blitz)"]

{[%evp 12,107,0,-6,-2,-6,-2,-15,0,-18,-12,-11,7,-21,0,-40,-29,-32,0,-70,-10,-9,-6,-66,-64,-66,-67,-62,-49,-108,-48,-125,-143,-126,-126,-173,-189,-400,-265,-260,-145,-337,-337,-316,-266,-418,-309,-300,-241,-244,-169,-169,-105,-311,-307,-308,-16,-296,-307,-408,-407,-393,-402,-488,-370,-414,-422,-415,-79,-75,-19,-19,0,-19,-19,-19,-23,-23,0,-168,0,0,0,0,0,0,0,0,0,0,0,0,29989,0,81,0,0,0]} 1. d4 d5 2. Nf3 e6 3. Bg5 Nf6 4. Nbd2 Be7 5. e3 O-O 6. Bd3 b6 7. O-O Bb7 {D03: 1 d4 d5 2 Nf3 Nf6 3 Bg5, including Torre Attack with early ...d5.} 8. Re1 Nbd7 9. a3 {[#]} h6 $146 ({Predecessor:} 9... c5 10. c3 c4 11. Bc2 a5 12. b4 b5 13. h3 axb4 14. axb4 Qb6 15. Qe2 Ra7 {1-0 (38) Colaco,W (1565)-Ferraz,D (1336) Caioba 2019}) 10. Bh4 c5 11. c3 a6 12. Rc1 b5 13. Re2 c4 14. Bb1 a5 15. Qe1 (15. e4 $11) 15... b4 (15... g5 $15 16. Bg3 Nh5) 16. axb4 $11 axb4 17. Ne5 (17. e4 $11) 17... bxc3 $15 18. bxc3 Nxe5 19. dxe5 Nd7 20. Bg3 (20. Bxe7 $15 Qxe7 21. Nf3) 20... Bh4 (20... Nc5 $17 {Hoping for ...Nd3.} 21. Nf3 Qb6) 21. Qd1 (21. Bxh4 $15 Qxh4 22. e4) 21... Bxg3 $17 22. hxg3 Nxe5 23. f4 Nd3 $36 {[%mdl 2048] White is under strong pressure.} 24. Rc2 $2 (24. Bxd3 {was the only defense.} cxd3 25. Rf2) 24... Ba6 25. Nf3 Rb8 (25... Qf6 $19 26. Red2 Bb5) 26. Nd4 $2 (26. Ra2 $17 Qb6 27. Bc2) 26... Qb6 $19 27. Ba2 Rfe8 28. Kh2 (28. e4 {was necessary.}) 28... Qc7 29. Nf3 Qe7 30. e4 {intending exd5.} dxe4 31. Rxe4 Qf6 (31... Qc5 $19 {aiming for ...Nf2.} 32. Ne5 Nf2) 32. Bxc4 $2 (32. Qe2 $17) 32... Bxc4 33. Rxc4 Red8 $2 ({Better is} 33... Nb2 $19 34. Rxb2 Rxb2) 34. Nd4 $2 {[%mdl 8192]} (34. Rd4 $11 Nc5 {[#]} 35. Rb2 $1 {[%mdl 512]}) 34... Nb2 {[%mdl 64] [#] Double Attack} 35. Qe2 Nxc4 36. Qxc4 Qg6 37. Rc1 Qh5+ 38. Kg1 Rbc8 39. Qf1 Rxd4 $2 (39... Qc5 $19 40. Re1 Qxc3) 40. cxd4 $17 Rxc1 (40... Rd8 $17 41. Rc4 Ra8) 41. Qxc1 $19 {[%mdl 4096] Endgame KQ-KQ} Qe2 42. Qa1 Kh7 43. Kh2 Qh5+ 44. Kg1 Qe2 45. d5 $2 (45. Kh2 $11 {and White stays safe.}) 45... Qh5 $2 (45... Qe3+ $19 46. Kh2 exd5 47. Qb1+ Qe4) 46. dxe6 $11 fxe6 47. Qb1+ Qg6 48. Qe1 Qf5 49. Qf2 Qg4 50. Kh2 Qf5 51. Kg1 Qg5 $2 {[%mdl 8192]} (51... Qb1+ $11 52. Kh2 Qf5) 52. Qe3 $2 (52. fxg5 {mates} Kg6 53. gxh6 gxh6 54. Qe3 Kf6 55. Qxh6+ Ke7 56. g4 e5 57. g5) 52... Qh5 (52... Qf5 $11) 53. Qe4+ (53. Qxe6 $16 Qc5+ 54. Kh2) 53... Qf5 54. Qf3 {[%mdl 32768] Quite a comeback for White. Accuracy: White = 42%, Black = 51%. . Loss on time!?} 1-0

[Event "Stay Safe Play From Home 244"]
[Site "Emanuel Lasker Arena"]
[Date "2020.06.22"]
[Round "9"]
[White "grazie"]
[Black "Dave_H"]
[Result "1-0"]
[WhiteElo "1761"]
[BlackElo "1779"]
[Annotator "NA RC"]
[PlyCount "81"]
[EventDate "2020.06.22"]
[EventType "swiss (blitz)"]
[BlackTeam "SK Vellmar"]

{- Halt, David (2088)} 1. d4 {[%emt 0:00:00]} f5 {[%emt 0:00:01]} 2. c3 {[%emt 0:00:00]} Nf6 {[%emt 0:00:01]} 3. g3 {[%emt 0:00:00]} g6 {[%emt 0:00:00]} 4. Bg2 {[%emt 0:00:00]} Bg7 {[%emt 0:00:00]} 5. Nf3 {[%emt 0:00:00]} O-O {[%emt 0:00:01]} 6. Bg5 {[%emt 0:00:00]} d6 {[%emt 0:00:01]} 7. Bxf6 {[%emt 0:00:00]} Bxf6 {[%emt 0:00:03]} 8. Nbd2 {[%emt 0:00:00]} c6 {[%emt 0:00:02]} 9. e4 {[%emt 0:00:01]} e5 {[%emt 0:00:01]} 10. exf5 {[%emt 0:00:01]} Bxf5 {[%emt 0:00:03]} 11. dxe5 {[%emt 0:00:01]} dxe5 {[%emt 0:00:02]} 12. O-O {[%emt 0:00:01]} e4 {[%emt 0:00:00]} 13. Qb3+ {[%emt 0:00:05]} Kh8 {[%emt 0:00:02]} 14. Nd4 {[%emt 0:00:02]} e3 {[%emt 0:00:01]} 15. fxe3 {[%emt 0:00:01]} Bd3 {[%emt 0:00:03]} 16. Rf2 {[%emt 0:00:01]} Re8 {[%emt 0:00:01]} 17. Re1 {[%emt 0:00:02]} Bg7 {[%emt 0:00:01]} 18. N2f3 {[%emt 0:00:02]} Bh6 {[%emt 0:00:01]} 19. c4 {[%emt 0:00:06]} Bxe3 {[%emt 0:00:01]} 20. Qxd3 {[%emt 0:00:01]} Bxf2+ {[%emt 0:00:03]} 21. Kxf2 {[%emt 0:00:01]} Rxe1 {[%emt 0:00:01]} 22. Nxe1 {[%emt 0:00:01]} c5 {[%emt 0:00:01]} 23. Ne6 {[%emt 0:00:03]} Qf6+ {[%emt 0:00:01]} 24. Nf4 {[%emt 0:00:04]} Nc6 {[%emt 0:00:01]} 25. Bxc6 {[%emt 0:00:02]} bxc6 {[%emt 0:00:02]} 26. Nf3 {[%emt 0:00:02]} Re8 {[%emt 0:00:01]} 27. Qc3 {[%emt 0:00:01]} Qxc3 {[%emt 0:00:03]} 28. bxc3 {[%emt 0:00:01]} Rb8 {[%emt 0:00:00]} 29. Ne6 {[%emt 0:00:02]} Rb2+ {[%emt 0:00:04]} 30. Ke3 {[%emt 0:00:02]} Rc2 {[%emt 0:00:01]} 31. Kd3 {[%emt 0:00:01]} Rf2 {[%emt 0:00:02]} 32. Ne5 {[%emt 0:00:04]} Rxh2 {[%emt 0:00:02]} 33. Nxc6 {[%emt 0:00:01]} Kg8 {[%emt 0:00:01]} 34. Nxc5 {[%emt 0:00:00]} Kf7 {[%emt 0:00:01]} 35. Ne5+ {[%emt 0:00:02]} Kg7 {[%emt 0:00:03]} 36. Ncd7 {[%emt 0:00:03]} Kh6 {[%emt 0:00:00]} 37. g4 {[%emt 0:00:01]} Kg5 {[%emt 0:00:01]} 38. Nf3+ {[%emt 0:00:01]} Kxg4 {[%emt 0:00:03]} 39. Nxh2+ {[%emt 0:00:00]} Kg3 {[%emt 0:00:01]} 40. Nf1+ {[%emt 0:00:00]} Kf2 {[%emt 0:00:02]} 41. Ne3 {[%emt 0:00:00] Zeit ' (Lag: Av=0.25s, max=0.3s)} 1-0

[Event "Stay Safe Play From Home 244"]
[Site "Emanuel Lasker Arena"]
[Date "2020.06.22"]
[Round "9"]
[White "Germanicus G"]
[Black "Bishop91"]
[Result "0-1"]
[WhiteElo "1300"]
[BlackElo "1754"]
[Annotator "NA"]
[PlyCount "78"]
[EventDate "2020.06.22"]
[EventType "swiss (blitz)"]

1. e3 {[%emt 0:00:01]} e5 {[%emt 0:00:01]} 2. d4 {[%emt 0:00:00]} exd4 {[%emt 0:00:01]} 3. exd4 {[%emt 0:00:01]} Nf6 {[%emt 0:00:00]} 4. Nf3 {[%emt 0:00:01]} d5 {[%emt 0:00:00]} 5. Bd3 {[%emt 0:00:01]} Bd6 {[%emt 0:00:01]} 6. O-O {[%emt 0:00:01]} O-O {[%emt 0:00:00]} 7. c3 {[%emt 0:00:02]} Re8 {[%emt 0:00:00]} 8. Bg5 {[%emt 0:00:01]} Bg4 {[%emt 0:00:01]} 9. Nbd2 {[%emt 0:00:02]} Nbd7 {[%emt 0:00:01]} 10. Qc2 {[%emt 0:00:01]} c6 {[%emt 0:00:01]} 11. Bxh7+ {[%emt 0:00:02]} Kh8 {[%emt 0:00:01]} 12. Bd3 {[%emt 0:00:01]} Qc7 {[%emt 0:00:02]} 13. Bxf6 {[%emt 0:00:01]} Nxf6 {[%emt 0:00:01]} 14. Rfe1 {[%emt 0:00:01]} Kg8 {[%emt 0:00:04]} 15. h3 {[%emt 0:00:04]} Bxf3 {[%emt 0:00:02]} 16. Nxf3 {[%emt 0:00:02]} Re6 {[%emt 0:00:02]} 17. Rxe6 {[%emt 0:00:01]} fxe6 {[%emt 0:00:01]} 18. Re1 {[%emt 0:00:01]} Re8 {[%emt 0:00:02]} 19. Ne5 {[%emt 0:00:01]} Bxe5 {[%emt 0:00:01]} 20. Rxe5 {[%emt 0:00:01]} Re7 {[%emt 0:00:02]} 21. Bg6 {[%emt 0:00:01]} c5 {[%emt 0:00:04]} 22. Qe2 {[%emt 0:00:04]} cxd4 {[%emt 0:00:01]} 23. cxd4 {[%emt 0:00:02]} Qc1+ {[%emt 0:00:01]} 24. Kh2 {[%emt 0:00:02]} Qf4+ {[%emt 0:00:00]} 25. g3 {[%emt 0:00:02]} Qh6 {[%emt 0:00:01]} 26. Bb1 {[%emt 0:00:03]} Nd7 {[%emt 0:00:02]} 27. Rxe6 {[%emt 0:00:01]} Rxe6 {[%emt 0:00:01]} 28. Qg4 {[%emt 0:00:01]} Qf6 {[%emt 0:00:02]} 29. Bf5 {[%emt 0:00:01]} Rd6 {[%emt 0:00:01]} 30. Bxd7 {[%emt 0:00:01]} Qxf2+ {[%emt 0:00:01]} 31. Kh1 {[%emt 0:00:02]} Rxd7 {[%emt 0:00:00]} 32. Qxd7 {[%emt 0:00:02]} Qxg3 {[%emt 0:00:02]} 33. Qxd5+ {[%emt 0:00:01]} Kh8 {[%emt 0:00:01]} 34. Qh5+ {[%emt 0:00:02]} Kg8 {[%emt 0:00:01]} 35. Qe8+ {[%emt 0:00:01]} Kh7 {[%emt 0:00:00]} 36. Qe4+ {[%emt 0:00:01]} Qg6 {[%emt 0:00:01]} 37. h4 {[%emt 0:00:01]} Qxe4+ {[%emt 0:00:01]} 38. Kh2 {[%emt 0:00:01]} Qxh4+ {[%emt 0:00:00]} 39. Kg2 {[%emt 0:00:02]} Qxd4 {[%emt 0:00:00] Zeit (Lag: Av=0.32s, max=0.6s)} 0-1